| 000 | 00432nam a2200169Ia 4500 | ||
|---|---|---|---|
| 003 | GCL | ||
| 008 | 140319s9999 xx 000 0 eng d | ||
| 040 |
_aGCL / _cGCL |
||
| 082 | 0 | 4 |
_a610.730692 _bF S |
| 100 | 1 | _aFRENCH,PETER | |
| 245 | 1 | 0 |
_aSOCIAL SKILLS FOR NURSING PRACTICE / _cFRENCH,PETER |
| 260 |
_a[S.N] : _bCHAPMAN & HALL ، _c1994 |
||
| 300 | _a300 p | ||
| 650 | 0 | 4 | _aNURSING |
| 650 | 0 | 4 | _aSOCIAL SKILLS |
| 942 |
_2ddc _cBK |
||
| 999 |
_c14031 _d14031 |
||